Naďa má čas /

Uložené v:
Podrobná bibliografia
Hlavní autori: Klimáček, Viliam, 1958- (Author), Prekop, Milan (Author)
Médium: Kniha
Jazyk:Slovak
Vydané: Levice : Vydavateľstvo L.C.A., 2002.
Vydanie:1. vyd.
Edícia:Pôvodná tvorba
Témy:
ISBN: 8088897947 (brož.)
Fyzický popis: 157 s. : ilustr. ; 19 cm.
Tagy: Pridať tag
Žiadne tagy, Buďte prvý kto otaguje tento záznam!

MARC

LEADER 00000nam a2200000 a 4500
001 000000535
003 SVKK
005 20200603105954.0
008 040310s2002 xo a e 000 1 sloo
020 |a 8088897947 (brož.) 
040 |a SVKKK  |b slo  |c SVKKK  |e AACR2 
041 0 |a slo 
044 |a xo  |c SK 
072 7 |a 821.162.4-3  |x Slovenská próza  |2 konspekt 
080 |a 821.162.4-31  |2 1997 
080 |a (0:82-31)  |2 1997 
100 1 |a Klimáček, Viliam,  |d 1958-  |4 aut  |t Staré lásky 
245 1 0 |a Naďa má čas /  |c Viliam Klimáček. 
250 |a 1. vyd. 
260 |a Levice :  |b Vydavateľstvo L.C.A.,  |c 2002. 
300 |a 157 s. :  |b ilustr. ;  |c 19 cm. 
440 0 |a Pôvodná tvorba 
500 |a Ilustr. na tit. strane 
500 |a Ilustr. Milan Prekop 
655 7 |a slovenské romány  |2 SVKKKPH 
655 7 |a umelecká literatúra  |2 SVKKKPH 
700 1 |a Prekop, Milan  |4 aut 
919 |a 80-88897-94-7 
998 |a BK 
090 |g SCKHL  |k Sklad Hlavná 10 prízemie  |a I.72775  |j 959970  |i 2720021065  |s Povinný výt.